[Event "EYCC 2017"]
[Site "Mamaia"]
[Date "2017.09.06"]
[Round "2"]
[White "Matasaru, Stephanie"]
[Black "Reuter, Elisa"]
[Result "1-0"]
[WhiteElo "1662"]
[BlackElo "1910"]
[Annotator "NA"]
[PlyCount "87"]
[EventDate "2017.??.??"]
[EventType "swiss"]
[EventCountry "ROU"]
[SourceTitle "playchess.com"]
[Source "ChessBase"]
[SourceQuality "1"]
[TimeControl "40/5400+30:1800+30"]

1. e4 {[%emt 0:00:00]} c5 {[%emt 0:00:03]} 2. Nf3 {[%emt 0:00:00]} Nc6 {[%emt 0:00:04]} 3. Bb5 {[%emt 0:00:00]} g6 {[%emt 0:00:05]} 4. Bxc6 {[%emt 0:00:09]} bxc6 {[%emt 0:00:04]} 5. O-O {[%emt 0:00:26]} Bg7 {[%emt 0:00:03]} 6. Re1 {[%emt 0:00:35]} e5 {[%emt 0:00:48]} 7. c3 {[%emt 0:00:19]} d6 {[%emt 0:00:37]} 8. d4 {[%emt 0:01:09]} cxd4 {[%emt 0:02:30]} 9. cxd4 {[%emt 0:00:15]} Bg4 {[%emt 0:04:06]} 10. dxe5 {[%emt 0:06:15]} dxe5 {[%emt 0:00:37]} 11. Nbd2 {[%emt 0:01:49]} Ne7 {[%emt 0:02:08]} 12. h3 {[%emt 0:01:51]} Be6 {[%emt 0:02:00]} 13. Qc2 {[%emt 0:06:29]} O-O {[%emt 0:01:49]} 14. Nc4 {[%emt 0:01:56]} Qc7 {[%emt 0:02:36]} 15. Bd2 {[%emt 0:04:35]} Bxc4 {[%emt 0:05:24]} 16. Qxc4 {[%emt 0:00:23]} Qb6 {[%emt 0:01:41]} 17. Bc3 {[%emt 0:06:15]} Qc7 {[%emt 0:05:19]} 18. Bb4 {[%emt 0:05:52]} Rac8 {[%emt 0:05:30]} 19. Rad1 {[%emt 0:04:22]} c5 {[%emt 0:02:14]} 20. Rc1 {[%emt 0:03:10]} Nc6 {[%emt 0:21:01]} 21. Bxc5 {[%emt 0:04:42]} Rfd8 {[%emt 0:04:58]} 22. Be3 {[%emt 0:05:29]} Qb7 {[%emt 0:02:06]} 23. Qe2 {[%emt 0:02:29]} Nb4 {[%emt 0:01:45]} 24. Rxc8 {[%emt 0:01:40]} Rxc8 {[%emt 0:00:19]} 25. a3 {[%emt 0:01:58]} Nc2 {[%emt 0:02:21]} 26. Rc1 {[%emt 0:01:38]} Nxe3 {[%emt 0:01:57]} 27. Rxc8+ {[%emt 0:00:32]} Qxc8 {[%emt 0:00:09]} 28. Qxe3 {[%emt 0:00:16]} Qc7 {[%emt 0:01:40]} 29. Qc3 {[%emt 0:03:38]} Qxc3 {[%emt 0:03:40]} 30. bxc3 {[%emt 0:00:11]} f6 {[%emt 0:00:09]} 31. Kf1 {[%emt 0:00:53]} Kf7 {[%emt 0:01:36]} 32. Ke2 {[%emt 0:01:43]} Ke6 {[%emt 0:00:45]} 33. Nd2 {[%emt 0:01:48]} Bf8 {[%emt 0:03:05]} 34. a4 {[%emt 0:00:59]} f5 {[%emt 0:01:53]} 35. f3 {[%emt 0:02:56]} Bc5 {[%emt 0:02:11]} 36. Nb3 {[%emt 0:01:18]} Bb6 {[%emt 0:00:33]} 37. c4 {[%emt 0:01:27]} Kd6 {[%emt 0:01:36]} 38. Kd3 {[%emt 0:02:52]} f4 {[%emt 0:05:37]} 39. Kc3 {[%emt 0:02:10]} a5 {[%emt 0:06:19]} 40. c5+ {[%emt 0:00:00]} Bxc5 {[%emt 0:00:32]} 41. Nxa5 {[%emt 0:02:04]} Bd4+ {[%emt 0:03:54]} 42. Kb4 {[%emt 0:01:30]} Kc7 {[%emt 0:00:57]} 43. Kb5 {[%emt 0:01:52]} g5 {[%emt 0:02:55]} 44. Nc6 {[%emt 0:02:05]} 1-0

[Event "EYCC 2017"]
[Site "Mamaia"]
[Date "2017.09.06"]
[Round "2"]
[White "Verma, Shlok"]
[Black "Tolmacevs, Artjoms"]
[Result "1-0"]
[WhiteElo "1658"]
[BlackElo "1201"]
[Annotator "NA"]
[PlyCount "91"]
[EventDate "2017.??.??"]
[EventType "swiss"]
[EventCountry "ROU"]
[SourceTitle "playchess.com"]
[Source "ChessBase"]
[SourceQuality "1"]
[TimeControl "40/5400+30:1800+30"]

1. d4 {[%emt 0:00:00]} c6 {[%emt 0:00:08]} 2. Bf4 {[%emt 0:02:58]} d5 {[%emt 0:00:13]} 3. Nf3 {[%emt 0:00:53]} Nf6 {[%emt 0:00:17]} 4. e3 {[%emt 0:01:40]} Bf5 {[%emt 0:00:10]} 5. Bd3 {[%emt 0:01:07]} Bxd3 {[%emt 0:00:27]} 6. cxd3 {[%emt 0:00:30]} e6 {[%emt 0:00:52]} 7. Nc3 {[%emt 0:03:28]} Qb6 {[%emt 0:01:12]} 8. Rb1 {[%emt 0:01:48]} Nbd7 {[%emt 0:01:02]} 9. O-O {[%emt 0:00:33]} Be7 {[%emt 0:01:19]} 10. a3 {[%emt 0:02:26]} a5 {[%emt 0:01:05]} 11. Re1 {[%emt 0:02:55]} c5 {[%emt 0:05:45]} 12. dxc5 {[%emt 0:08:15]} Bxc5 {[%emt 0:00:12]} 13. d4 {[%emt 0:03:25]} Bd6 {[%emt 0:02:39]} 14. Ne5 {[%emt 0:07:09]} Qc7 {[%emt 0:02:08]} 15. Nb5 {[%emt 0:02:09]} Qb6 {[%emt 0:05:02]} 16. Nxd6+ {[%emt 0:00:07]} Qxd6 {[%emt 0:00:45]} 17. Nxf7 {[%emt 0:00:15]} Qf8 {[%emt 0:01:46]} 18. Nxh8 {[%emt 0:00:09]} Qxh8 {[%emt 0:00:49]} 19. Qb3 {[%emt 0:00:23]} Ra7 {[%emt 0:01:16]} 20. Rec1 {[%emt 0:00:39]} Kf7 {[%emt 0:00:44]} 21. Rc7 {[%emt 0:00:30]} Qa8 {[%emt 0:01:26]} 22. Rbc1 {[%emt 0:01:18]} Ke7 {[%emt 0:02:06]} 23. Rc8 {[%emt 0:00:11]} Qxc8 24. Rxc8 {[%emt 0:00:18]} b6 {[%emt 0:02:03]} 25. Bg5 {[%emt 0:00:46]} Rb7 {[%emt 0:00:22]} 26. Bxf6+ {[%emt 0:00:18]} Nxf6 {[%emt 0:00:35]} 27. Qc3 {[%emt 0:00:32]} Nd7 {[%emt 0:00:36]} 28. Qc6 {[%emt 0:01:07]} Ra7 {[%emt 0:00:24]} 29. Ra8 {[%emt 0:00:19]} Rxa8 {[%emt 0:00:27]} 30. Qxa8 {[%emt 0:00:09]} h6 {[%emt 0:00:24]} 31. b4 {[%emt 0:00:23]} axb4 {[%emt 0:00:21]} 32. axb4 {[%emt 0:00:07]} Kf7 {[%emt 0:00:15]} 33. Qb7 {[%emt 0:00:28]} Ke7 {[%emt 0:00:41]} 34. Kf1 {[%emt 0:00:09]} g6 {[%emt 0:01:25]} 35. Ke2 {[%emt 0:00:43]} Kd6 {[%emt 0:02:27]} 36. Kd3 {[%emt 0:03:11]} e5 {[%emt 0:00:45]} 37. Kc3 {[%emt 0:00:27]} e4 {[%emt 0:01:04]} 38. b5 {[%emt 0:00:30]} Ke7 {[%emt 0:01:35]} 39. Qxd5 {[%emt 0:00:18]} Nf6 {[%emt 0:00:32]} 40. Qb7+ {[%emt 0:00:00]} Kd8 {[%emt 0:00:45]} 41. Qxb6+ {[%emt 0:00:40]} Ke7 {[%emt 0:00:24]} 42. Qxf6+ {[%emt 0:00:00]} Kd7 {[%emt 0:00:35]} 43. b6 {[%emt 0:00:00]} Ke8 {[%emt 0:00:17]} 44. Qg7 {[%emt 0:00:00]} Kd8 {[%emt 0:00:28]} 45. b7 {[%emt 0:00:00]} Ke8 {[%emt 0:00:17]} 46. b8=R# {[%emt 0:00:00]} 1-0

[Event "EYCC 2017"]
[Site "Mamaia"]
[Date "2017.09.06"]
[Round "2"]
[White "Gaj, Magdalena"]
[Black "Trifoi, Mihaela-Ioana"]
[Result "0-1"]
[WhiteElo "1657"]
[BlackElo "1864"]
[Annotator "NA"]
[PlyCount "74"]
[EventDate "2017.??.??"]
[EventType "swiss"]
[EventCountry "ROU"]
[SourceTitle "playchess.com"]
[Source "ChessBase"]
[SourceQuality "1"]
[TimeControl "40/5400+30:1800+30"]

1. d4 {[%emt 0:00:00]} d5 {[%emt 0:00:32]} 2. c4 {[%emt 0:00:00]} e6 {[%emt 0:00:29]} 3. Nc3 {[%emt 0:00:02]} Nf6 {[%emt 0:00:27]} 4. cxd5 {[%emt 0:00:21]} exd5 {[%emt 0:00:19]} 5. Bg5 {[%emt 0:00:22]} Be7 {[%emt 0:01:06]} 6. Nf3 {[%emt 0:02:00]} c6 {[%emt 0:01:05]} 7. Qc2 {[%emt 0:00:30]} Be6 {[%emt 0:00:56]} 8. e3 {[%emt 0:00:29]} Nbd7 {[%emt 0:01:05]} 9. Bd3 {[%emt 0:02:05]} O-O {[%emt 0:02:45]} 10. O-O {[%emt 0:01:19]} h6 {[%emt 0:01:41]} 11. Bh4 {[%emt 0:01:05]} Rc8 {[%emt 0:02:33]} 12. Rab1 {[%emt 0:04:47]} c5 {[%emt 0:06:59]} 13. a3 {[%emt 0:08:29]} a6 {[%emt 0:06:55]} 14. Bf5 {[%emt 0:04:05]} Bxf5 {[%emt 0:12:55]} 15. Qxf5 {[%emt 0:00:10]} g6 {[%emt 0:00:44]} 16. Qc2 {[%emt 0:05:13]} cxd4 {[%emt 0:01:06]} 17. Nxd4 {[%emt 0:00:44]} Ne4 {[%emt 0:03:03]} 18. Bxe7 {[%emt 0:01:26]} Qxe7 {[%emt 0:00:07]} 19. Nxd5 {[%emt 0:06:02]} Qe5 {[%emt 0:05:02]} 20. Nc3 {[%emt 0:00:27]} Nxc3 {[%emt 0:01:51]} 21. bxc3 {[%emt 0:00:26]} Nc5 {[%emt 0:01:27]} 22. Rb4 {[%emt 0:11:13]} Rfd8 {[%emt 0:03:26]} 23. Rfb1 {[%emt 0:08:04]} Rd7 {[%emt 0:02:40]} 24. Nf3 {[%emt 0:04:40]} Qe7 {[%emt 0:00:45]} 25. Rd4 {[%emt 0:04:19]} Rdc7 {[%emt 0:00:55]} 26. a4 {[%emt 0:05:17]} Ne6 {[%emt 0:01:24]} 27. Rd3 {[%emt 0:00:51]} Qf6 {[%emt 0:07:19]} 28. Nd4 {[%emt 0:05:03]} Nc5 {[%emt 0:00:32]} 29. Rdd1 {[%emt 0:00:54]} Qe7 {[%emt 0:01:17]} 30. Rb6 {[%emt 0:03:10]} Qe8 {[%emt 0:03:20]} 31. Rb4 {[%emt 0:02:59]} Ne4 {[%emt 0:10:15]} 32. Qb2 {[%emt 0:06:57]} Nxc3 {[%emt 0:00:33]} 33. Re1 {[%emt 0:01:49]} Nxa4 {[%emt 0:00:20]} 34. Qb3 {[%emt 0:01:10]} Nc5 {[%emt 0:00:43]} 35. Qb1 {[%emt 0:00:35]} Qe7 {[%emt 0:01:24]} 36. Rc1 {[%emt 0:01:56]} Nd3 {[%emt 0:01:24]} 37. Rxc7 {[%emt 0:02:09]} Rxc7 {[%emt 0:00:06]} 0-1

[Event "EYCC 2017"]
[Site "Mamaia"]
[Date "2017.09.06"]
[Round "2"]
[White "Bellahcene, Sofia"]
[Black "Toncheva, Nadya"]
[Result "0-1"]
[WhiteElo "1652"]
[BlackElo "1802"]
[Annotator "NA"]
[PlyCount "82"]
[EventDate "2017.??.??"]
[EventType "swiss"]
[EventCountry "ROU"]
[SourceTitle "playchess.com"]
[Source "ChessBase"]
[SourceQuality "1"]
[TimeControl "40/5400+30:1800+30"]

1. e4 {[%emt 0:00:00]} c5 {[%emt 0:00:03]} 2. Nf3 {[%emt 0:00:20]} e6 {[%emt 0:00:04]} 3. d4 {[%emt 0:00:45]} cxd4 {[%emt 0:00:06]} 4. Nxd4 {[%emt 0:00:28]} a6 {[%emt 0:00:05]} 5. Nc3 {[%emt 0:00:47]} Qc7 {[%emt 0:06:56]} 6. g3 {[%emt 0:00:54]} Nf6 {[%emt 0:00:27]} 7. Bg2 {[%emt 0:00:49]} d6 {[%emt 0:04:22]} 8. O-O {[%emt 0:02:03]} Be7 {[%emt 0:01:37]} 9. Kh1 {[%emt 0:01:30]} Nc6 {[%emt 0:00:25]} 10. Nb3 {[%emt 0:00:40]} O-O {[%emt 0:05:12]} 11. a4 {[%emt 0:02:03]} b6 {[%emt 0:01:10]} 12. f4 {[%emt 0:02:43]} Bb7 {[%emt 0:04:26]} 13. g4 {[%emt 0:03:40]} Nd7 {[%emt 0:00:35]} 14. g5 {[%emt 0:07:20]} Nc5 {[%emt 0:01:28]} 15. Nxc5 {[%emt 0:01:47]} dxc5 {[%emt 0:00:16]} 16. Qh5 {[%emt 0:09:29]} Nd4 {[%emt 0:00:58]} 17. Rf2 {[%emt 0:02:07]} b5 {[%emt 0:10:47]} 18. Be3 {[%emt 0:13:26]} Rfd8 {[%emt 0:10:09]} 19. Nd1 {[%emt 0:13:28]} g6 {[%emt 0:05:44]} 20. Qh4 {[%emt 0:03:07]} Rd7 {[%emt 0:02:04]} 21. Qg4 {[%emt 0:04:09]} Bf8 {[%emt 0:01:56]} 22. h4 {[%emt 0:01:21]} Bg7 {[%emt 0:07:49]} 23. h5 {[%emt 0:01:46]} Rad8 {[%emt 0:01:09]} 24. hxg6 {[%emt 0:00:58]} hxg6 {[%emt 0:00:04]} 25. axb5 {[%emt 0:01:03]} axb5 {[%emt 0:00:08]} 26. Kg1 {[%emt 0:05:22]} Bc6 {[%emt 0:01:16]} 27. e5 {[%emt 0:02:29]} Bxg2 {[%emt 0:01:08]} 28. Rxg2 {[%emt 0:00:37]} Qc6 {[%emt 0:00:37]} 29. Bxd4 {[%emt 0:01:46]} Rxd4 {[%emt 0:00:34]} 30. Ne3 {[%emt 0:01:57]} Bxe5 {[%emt 0:00:39]} 31. fxe5 {[%emt 0:00:12]} Rxg4 {[%emt 0:00:07]} 32. Nxg4 {[%emt 0:00:09]} Qf3 {[%emt 0:08:20]} 33. Nf6+ {[%emt 0:02:29]} Kg7 {[%emt 0:00:26]} 34. b3 {[%emt 0:00:41]} Qe3+ {[%emt 0:00:40]} 35. Kf1 {[%emt 0:00:41]} Qxe5 {[%emt 0:00:35]} 36. Re1 {[%emt 0:00:03]} Qf5+ {[%emt 0:00:18]} 37. Kg1 {[%emt 0:00:11]} Qf4 {[%emt 0:04:26]} 38. Rf1 Qd4+ {[%emt 0:00:25]} 39. Kh1 {[%emt 0:01:07]} Rh8+ {[%emt 0:00:08]} 40. Rh2 {[%emt 0:00:00]} Rxh2+ {[%emt 0:00:11]} 41. Kxh2 {[%emt 0:00:06]} Qh4+ {[%emt 0:00:06]} 0-1

[Event "EYCC 2017"]
[Site "Mamaia"]
[Date "2017.09.06"]
[Round "2"]
[White "Tsotsonava, Elene"]
[Black "Zvereva, Margarita"]
[Result "0-1"]
[WhiteElo "1644"]
[BlackElo "1790"]
[Annotator "NA"]
[PlyCount "149"]
[EventDate "2017.??.??"]
[EventType "swiss"]
[EventCountry "ROU"]
[SourceTitle "playchess.com"]
[Source "ChessBase"]
[SourceQuality "1"]
[TimeControl "40/5400+30:1800+30"]

1. e4 {[%emt 0:00:00]} c5 {[%emt 0:00:06]} 2. Nf3 {[%emt 0:00:00]} d6 {[%emt 0:00:07]} 3. d4 {[%emt 0:00:00]} cxd4 {[%emt 0:00:07]} 4. Nxd4 {[%emt 0:00:00]} Nf6 {[%emt 0:00:08]} 5. Nc3 {[%emt 0:00:00]} a6 {[%emt 0:00:09]} 6. Be2 {[%emt 0:00:16]} e5 {[%emt 0:00:45]} 7. Nb3 {[%emt 0:00:08]} Be7 {[%emt 0:01:18]} 8. Bg5 {[%emt 0:00:26]} Nbd7 {[%emt 0:09:51]} 9. a4 {[%emt 0:02:26]} b6 {[%emt 0:10:34]} 10. O-O {[%emt 0:01:09]} Bb7 {[%emt 0:01:05]} 11. Nd2 {[%emt 0:04:43]} Nc5 {[%emt 0:10:20]} 12. Bxf6 {[%emt 0:02:08]} Bxf6 {[%emt 0:00:10]} 13. Nc4 {[%emt 0:00:28]} Be7 {[%emt 0:06:42]} 14. Nd5 {[%emt 0:12:30]} Nxe4 {[%emt 0:15:28]} 15. Nxe7 {[%emt 0:09:03]} Kxe7 {[%emt 0:06:46]} 16. f4 {[%emt 0:08:53]} b5 {[%emt 0:28:56]} 17. Ne3 {[%emt 0:20:43]} Qb6 {[%emt 0:02:49]} 18. Qd3 {[%emt 0:00:54]} Nc5 {[%emt 0:03:18]} 19. Nf5+ {[%emt 0:07:46]} Kd7 {[%emt 0:00:39]} 20. Qe3 {[%emt 0:01:25]} Nxa4 {[%emt 0:00:31]} 21. Rxa4 {[%emt 0:04:32]} Qxe3+ {[%emt 0:00:08]} 22. Nxe3 {[%emt 0:00:02]} bxa4 {[%emt 0:00:07]} 23. fxe5 {[%emt 0:00:05]} Rhf8 {[%emt 0:01:11]} 24. Bg4+ {[%emt 0:01:15]} Kc7 {[%emt 0:00:30]} 25. exd6+ {[%emt 0:00:30]} Kxd6 {[%emt 0:00:12]} 26. Nf5+ {[%emt 0:00:47]} Kc7 {[%emt 0:00:39]} 27. Nxg7 {[%emt 0:00:32]} Bc8 {[%emt 0:00:38]} 28. Bxc8 {[%emt 0:12:07]} Raxc8 {[%emt 0:00:16]} 29. Rf4 {[%emt 0:01:18]} Kb7 {[%emt 0:00:49]} 30. c3 {[%emt 0:00:56]} a3 {[%emt 0:00:27]} 31. bxa3 {[%emt 0:00:15]} Rxc3 {[%emt 0:00:28]} 32. a4 {[%emt 0:00:29]} Rc2 {[%emt 0:00:31]} 33. Nf5 {[%emt 0:04:43]} Rd8 {[%emt 0:00:34]} 34. Ne3 {[%emt 0:03:09]} Rc7 {[%emt 0:00:27]} 35. Kf2 {[%emt 0:00:24]} Rd2+ 36. Kf3 {[%emt 0:01:01]} Re7 {[%emt 0:01:06]} 37. Nc4 {[%emt 0:00:39]} Rd3+ {[%emt 0:00:30]} 38. Kg4 {[%emt 0:00:12]} Rd5 {[%emt 0:00:30]} 39. Kg3 {[%emt 0:02:03]} Rg5+ {[%emt 0:00:23]} 40. Kf3 {[%emt 0:00:00]} Rd5 {[%emt 0:00:13]} 41. h3 {[%emt 0:00:47]} Red7 {[%emt 0:18:17]} 42. Rf6 {[%emt 0:03:48]} a5 {[%emt 0:11:55]} 43. Rf4 {[%emt 0:09:22]} f5 {[%emt 0:01:33]} 44. Ne3 {[%emt 0:01:30]} Rd3 {[%emt 0:00:31]} 45. Kf2 {[%emt 0:02:17]} R3d4 {[%emt 0:00:23]} 46. Rxf5 {[%emt 0:00:35]} Rxa4 {[%emt 0:00:14]} 47. g4 {[%emt 0:02:38]} Ra2+ {[%emt 0:00:25]} 48. Kf3 {[%emt 0:00:08]} a4 {[%emt 0:00:49]} 49. Ra5 {[%emt 0:02:21]} Kb8 {[%emt 0:00:45]} 50. h4 {[%emt 0:00:31]} a3 {[%emt 0:00:28]} 51. h5 {[%emt 0:01:22]} Ra7 {[%emt 0:00:26]} 52. Rxa7 {[%emt 0:04:53]} Kxa7 {[%emt 0:00:01]} 53. Nc4 {[%emt 0:00:04]} Rf2+ {[%emt 0:01:01]} 54. Kxf2 {[%emt 0:00:24]} a2 {[%emt 0:00:02]} 55. Kf3 {[%emt 0:00:16]} a1=Q {[%emt 0:00:05]} 56. Ne3 {[%emt 0:00:07]} Qf6+ {[%emt 0:00:30]} 57. Nf5 {[%emt 0:00:13]} Qg5 {[%emt 0:00:49]} 58. Ng3 {[%emt 0:00:05]} Kb7 {[%emt 0:00:40]} 59. Ne4 {[%emt 0:00:04]} Qe5 {[%emt 0:00:30]} 60. Nf2 {[%emt 0:02:27]} Kc6 {[%emt 0:00:34]} 61. Nd3 {[%emt 0:00:05]} Qf6+ {[%emt 0:00:43]} 62. Ke4 {[%emt 0:00:26]} Kd7 {[%emt 0:00:32]} 63. Nf4 {[%emt 0:00:08]} Qg5 {[%emt 0:00:31]} 64. Kf3 {[%emt 0:00:05]} Qh4 {[%emt 0:00:35]} 65. Ne2 {[%emt 0:00:50]} Qh1+ {[%emt 0:00:19]} 66. Kg3 {[%emt 0:01:11]} Qe1+ {[%emt 0:00:20]} 67. Kf3 {[%emt 0:00:07]} Qf1+ {[%emt 0:00:11]} 68. Ke3 {[%emt 0:00:05]} Qg2 {[%emt 0:00:17]} 69. Nf4 {[%emt 0:00:47]} Qg3+ {[%emt 0:00:22]} 70. Ke4 {[%emt 0:00:07]} Qxg4 {[%emt 0:00:04]} 71. Ke5 {[%emt 0:00:15]} Qg5+ {[%emt 0:00:19]} 72. Ke4 {[%emt 0:00:05]} Kd6 {[%emt 0:01:05]} 73. Kf3 {[%emt 0:00:58]} Qf5 {[%emt 0:00:51]} 74. Ke3 {[%emt 0:00:13]} h6 {[%emt 0:00:36]} 75. Kd4 {Ke5+} 0-1

[Event "EYCC 2017"]
[Site "Mamaia"]
[Date "2017.09.06"]
[Round "2"]
[White "Veremiuk, Veronika"]
[Black "Vlasova, Olesia"]
[Result "0-1"]
[WhiteElo "1609"]
[BlackElo "1341"]
[Annotator "NA"]
[PlyCount "84"]
[EventDate "2017.??.??"]
[EventType "swiss"]
[EventCountry "ROU"]
[SourceTitle "playchess.com"]
[Source "ChessBase"]
[SourceQuality "1"]
[TimeControl "40/5400+30:1800+30"]

1. d4 {[%emt 0:00:00]} Nf6 {[%emt 0:00:11]} 2. c4 {[%emt 0:00:00]} g6 {[%emt 0:00:07]} 3. Nc3 {[%emt 0:01:09]} Bg7 {[%emt 0:00:10]} 4. e4 {[%emt 0:01:17]} d6 {[%emt 0:00:10]} 5. f3 {[%emt 0:00:39]} O-O {[%emt 0:00:16]} 6. Be3 {[%emt 0:00:08]} Nfd7 {[%emt 0:00:18]} 7. Qd2 {[%emt 0:01:46]} c5 {[%emt 0:00:20]} 8. Nge2 {[%emt 0:07:13]} Nc6 {[%emt 0:01:19]} 9. O-O-O {[%emt 0:11:03]} Qa5 {[%emt 0:02:05]} 10. f4 {[%emt 0:07:08]} a6 {[%emt 0:00:47]} 11. d5 {[%emt 0:00:30]} Ncb8 {[%emt 0:03:50]} 12. h4 {[%emt 0:16:13]} b5 {[%emt 0:00:33]} 13. cxb5 {[%emt 0:17:26]} axb5 {[%emt 0:00:12]} 14. a3 {[%emt 0:03:41]} b4 {[%emt 0:02:20]} 15. Nb1 {[%emt 0:01:07]} Nb6 {[%emt 0:08:30]} 16. axb4 {[%emt 0:04:10]} cxb4 {[%emt 0:03:28]} 17. Nd4 {[%emt 0:06:46]} Bg4 {[%emt 0:01:34]} 18. Nc2 {[%emt 0:05:44]} Bxd1 {[%emt 0:01:30]} 19. Kxd1 {[%emt 0:01:48]} Na6 {[%emt 0:11:30]} 20. Bxa6 {[%emt 0:01:49]} Qxa6 {[%emt 0:00:46]} 21. Nxb4 {[%emt 0:02:03]} Qa1 {[%emt 0:00:59]} 22. Bxb6 {[%emt 0:03:26]} Qxb1+ {[%emt 0:00:29]} 23. Qc1 {[%emt 0:01:12]} Qxc1+ {[%emt 0:00:10]} 24. Kxc1 {[%emt 0:00:11]} Ra1+ {[%emt 0:00:07]} 25. Kc2 {[%emt 0:00:07]} Rxh1 {[%emt 0:00:08]} 26. Nc6 {[%emt 0:00:09]} Rc8 {[%emt 0:00:32]} 27. Kb3 {[%emt 0:00:18]} Bf8 {[%emt 0:00:47]} 28. Bd8 {[%emt 0:00:48]} Rc1 {[%emt 0:00:57]} 29. Bxe7 {[%emt 0:00:34]} R1xc6 {[%emt 0:00:24]} 30. dxc6 {[%emt 0:00:43]} Bxe7 {[%emt 0:00:05]} 31. Kb4 {[%emt 0:00:18]} Rxc6 {[%emt 0:00:13]} 32. Kb5 {[%emt 0:00:10]} Rc5+ {[%emt 0:00:10]} 33. Ka4 {[%emt 0:00:06]} d5 {[%emt 0:00:10]} 34. exd5 {[%emt 0:00:05]} Rxd5 {[%emt 0:00:05]} 35. b4 {[%emt 0:00:09]} Rd4 {[%emt 0:00:05]} 36. Ka5 {[%emt 0:00:09]} Rxb4 {[%emt 0:00:14]} 37. Ka6 {[%emt 0:00:06]} Kf8 {[%emt 0:00:23]} 38. Ka7 {[%emt 0:00:09]} Ke8 {[%emt 0:00:07]} 39. Ka8 {[%emt 0:00:13]} Kd7 {[%emt 0:00:07]} 40. Ka7 {[%emt 0:00:00]} Kc6 {[%emt 0:00:27]} 41. Ka8 {[%emt 0:00:19]} Kc7 {[%emt 0:00:11]} 42. Ka7 {[%emt 0:00:04]} Ra4# {[%emt 0:00:40]} 0-1

[Event "EYCC 2017"]
[Site "Mamaia"]
[Date "2017.09.06"]
[Round "2"]
[White "Dias, Savin"]
[Black "Milikow, Elie"]
[Result "0-1"]
[WhiteElo "1602"]
[BlackElo "1977"]
[Annotator "NA"]
[PlyCount "68"]
[EventDate "2017.??.??"]
[EventType "swiss"]
[EventCountry "ROU"]
[SourceTitle "playchess.com"]
[Source "ChessBase"]
[SourceQuality "1"]
[TimeControl "40/5400+30:1800+30"]

1. e4 {[%emt 0:00:00]} c5 {[%emt 0:00:11]} 2. Nf3 {[%emt 0:00:00]} Nc6 {[%emt 0:00:05]} 3. Bb5 {[%emt 0:00:00]} a6 {[%emt 0:01:15]} 4. Bxc6 {[%emt 0:00:16]} bxc6 {[%emt 0:00:32]} 5. c3 {[%emt 0:00:35]} g6 {[%emt 0:01:06]} 6. O-O {[%emt 0:00:23]} Bg7 $14 {[%emt 0:00:42]} 7. d4 {[%emt 0:00:10]} cxd4 {[%emt 0:00:56]} 8. cxd4 {[%emt 0:00:13]} Nf6 {[%emt 0:02:28]} 9. Re1 {[%emt 0:00:33]} O-O {[%emt 0:01:06]} 10. Nc3 {[%emt 0:00:12]} d6 {[%emt 0:04:07]} 11. h3 {[%emt 0:01:37]} Nd7 {[%emt 0:01:50]} 12. Be3 {[%emt 0:01:58]} Rb8 {[%emt 0:02:11]} 13. Qd2 {[%emt 0:00:57]} e5 {[%emt 0:02:15]} 14. Red1 {[%emt 0:03:07]} Nb6 {[%emt 0:04:23]} 15. b3 {[%emt 0:00:54]} Nd7 {[%emt 0:05:50]} 16. Rac1 {[%emt 0:01:56]} f5 {[%emt 0:02:49]} 17. dxe5 {[%emt 0:02:45]} dxe5 {[%emt 0:01:40]} 18. exf5 {[%emt 0:01:42]} gxf5 {[%emt 0:00:40]} 19. Na4 {[%emt 0:00:52]} Qc7 {[%emt 0:07:04]} 20. Qd6 {[%emt 0:02:26]} Qxd6 {[%emt 0:00:55]} 21. Rxd6 {[%emt 0:00:23]} e4 {[%emt 0:00:41]} 22. Ng5 {[%emt 0:08:06]} Ne5 {[%emt 0:02:15]} 23. Bd4 {[%emt 0:03:03]} Rb4 {[%emt 0:12:37]} 24. Bxe5 {[%emt 0:01:30]} Bxe5 {[%emt 0:00:13]} 25. Rdxc6 {[%emt 0:01:02]} Bd7 {[%emt 0:08:00]} 26. R6c4 {[%emt 0:06:24]} Rxc4 {[%emt 0:01:16]} 27. Rxc4 {[%emt 0:00:21]} Rd8 {[%emt 0:06:39]} 28. h4 {[%emt 0:02:11]} Bxa4 {[%emt 0:00:14]} 29. f4 {[%emt 0:02:23]} Bxf4 {[%emt 0:06:42]} 30. Rxa4 {[%emt 0:00:48]} Rd1+ {[%emt 0:00:11]} 31. Kf2 {[%emt 0:00:24]} e3+ {[%emt 0:00:24]} 32. Ke2 {[%emt 0:04:23]} Rd2+ {[%emt 0:00:06]} 33. Kf1 {[%emt 0:00:42]} Bg3 {[%emt 0:00:06]} 34. Nf3 {[%emt 0:04:30]} e2+ {[%emt 0:00:06]} 0-1

[Event "EYCC 2017"]
[Site "Mamaia"]
[Date "2017.09.06"]
[Round "2"]
[White "Miron, Iurii"]
[Black "Maurizzi, Marc Andria"]
[Result "0-1"]
[WhiteElo "1594"]
[BlackElo "1947"]
[Annotator "NA"]
[PlyCount "82"]
[EventDate "2017.??.??"]
[EventType "swiss"]
[EventCountry "ROU"]
[SourceTitle "playchess.com"]
[Source "ChessBase"]
[SourceQuality "1"]
[TimeControl "40/5400+30:1800+30"]

1. d4 {[%emt 0:00:00]} Nf6 {[%emt 0:00:08]} 2. c4 {[%emt 0:00:00]} e6 {[%emt 0:00:04]} 3. Nf3 {[%emt 0:00:00]} c5 {[%emt 0:00:05]} 4. d5 {[%emt 0:00:00]} exd5 {[%emt 0:00:19]} 5. cxd5 {[%emt 0:00:00]} d6 {[%emt 0:00:09]} 6. Nc3 {[%emt 0:00:00]} g6 {[%emt 0:00:10]} 7. g3 {[%emt 0:00:02]} Bg7 {[%emt 0:00:35]} 8. Bg2 {[%emt 0:00:13]} O-O {[%emt 0:00:12]} 9. O-O {[%emt 0:00:07]} a6 {[%emt 0:00:30]} 10. a4 {[%emt 0:00:02]} Re8 {[%emt 0:01:46]} 11. Re1 {[%emt 0:08:48]} Bg4 {[%emt 0:04:02]} 12. Nd2 {[%emt 0:01:10]} Bc8 {[%emt 0:06:29]} 13. Nc4 {[%emt 0:00:43]} Qc7 {[%emt 0:00:25]} 14. Bf4 {[%emt 0:01:40]} Bf8 {[%emt 0:00:50]} 15. e4 {[%emt 0:01:25]} Nh5 {[%emt 0:03:42]} 16. Bd2 {[%emt 0:02:34]} Nd7 {[%emt 0:01:40]} 17. f4 {[%emt 0:01:48]} Bg7 {[%emt 0:02:56]} 18. g4 {[%emt 0:15:10]} Bd4+ {[%emt 0:02:06]} 19. Kh1 {[%emt 0:00:22]} Nhf6 {[%emt 0:00:19]} 20. g5 {[%emt 0:03:42]} Nb6 {[%emt 0:07:33]} 21. Nxb6 {[%emt 0:00:54]} Ng4 {[%emt 0:00:05]} 22. Rf1 {[%emt 0:01:32]} Qxb6 {[%emt 0:00:33]} 23. Qe2 {[%emt 0:01:09]} h5 {[%emt 0:10:18]} 24. h3 {[%emt 0:03:08]} Kg7 {[%emt 0:02:13]} 25. Bf3 {[%emt 0:06:13]} Rh8 {[%emt 0:01:09]} 26. Kg2 {[%emt 0:01:00]} Rh7 {[%emt 0:03:16]} 27. hxg4 {[%emt 0:06:51]} hxg4 {[%emt 0:01:46]} 28. Bxg4 {[%emt 0:01:58]} Bxg4 29. Qxg4 {[%emt 0:00:02]} Rah8 {[%emt 0:00:18]} 30. Rh1 {[%emt 0:00:13]} Rxh1 {[%emt 0:00:08]} 31. Rxh1 {[%emt 0:00:14]} Rxh1 {[%emt 0:00:42]} 32. Kxh1 {[%emt 0:00:02]} Qxb2 {[%emt 0:00:20]} 33. f5 {[%emt 0:07:58]} gxf5 {[%emt 0:01:31]} 34. exf5 {[%emt 0:00:28]} Qxd2 {[%emt 0:00:26]} 35. f6+ {[%emt 0:00:16]} Kg6 {[%emt 0:00:11]} 36. Ne4 {[%emt 0:09:33]} Qa2 {[%emt 0:09:07]} 37. Ng3 {[%emt 0:17:31]} Qxd5+ {[%emt 0:00:43]} 38. Kh2 {[%emt 0:00:11]} Qxg5 {[%emt 0:00:33]} 39. Qe4+ {[%emt 0:00:22]} Kxf6 {[%emt 0:00:19]} 40. Qf3+ {[%emt 0:00:00]} Ke6 {[%emt 0:00:58]} 41. Qe4+ {[%emt 0:01:40]} Be5 {[%emt 0:00:14]} 0-1